|
|
|
|
| LEADER |
00000nam a22000007a 4500 |
| 008 |
201218b ||||| |||| 00| 0 eng d |
| 020 |
|
|
|a 0-582-64373-3
|
| 100 |
|
|
|a Stichter, Sharon
|
| 245 |
|
|
|a AFRICAN women south of the Sahara
|c edited by Margaret Jean Hay and Sharon Stichter
|
| 250 |
|
|
|c Margaret Jean Hay and Sharon Stichte
|
| 260 |
|
|
|b Longman
|c 1984
|h London
|i 273879
|i 273880
|l HQ1788 .Af8
|
| 942 |
|
|
|a lcc
|c BK
|e ADEYEYE Y. S.
|f 18/12/2020
|
| 952 |
|
|
|0 0
|1 0
|2 lcc
|4 0
|6 HQ1788 A F8
|7 0
|9 842
|a HOL
|b AC
|c GJ
|d 2020-12-18
|l 0
|o HQ1788 .Af8
|p 2020-230057
|r 2020-12-18 00:00:00
|w 2020-12-18
|y BK
|
| 952 |
|
|
|0 0
|1 0
|2 lcc
|4 0
|6 HQ1788 A F8
|7 0
|9 843
|a HOL
|b HOL
|c GJ
|d 2020-12-18
|l 0
|o HQ1788 .Af8
|p 2020-230058
|r 2020-12-18 00:00:00
|w 2020-12-18
|y BK
|
| 999 |
|
|
|c 472
|d 472
|